| 000 | 00590nam a2200217Ia 4500 | ||
|---|---|---|---|
| 008 | 101110s9999 xx 000 0 und d | ||
| 041 | _aENGLISH | ||
| 082 | _bJR6179 | ||
| 100 | _aMaharashtra State Board of Secondary & higher Secondary Education, Pune | ||
| 245 | _aPhysics Std. XI | ||
| 260 |
_c2009 _bMaharashtra Rajya Madhyamik & Uchha Madhyamik Shikshan Mandal,Pune |
||
| 300 | _a162 | ||
| 365 | _b54 | ||
| 520 | _aPhysics | ||
| 546 | _aENGLISH | ||
| 630 | _aPhysics Std. XI | ||
| 650 | _aPhysics | ||
| 655 | _aPhysics | ||
| 730 | _aPhysics Std. XI | ||
| 942 | _cBOOK | ||
| 999 |
_c796972 _d796969 |
||